[Event "BL 1415 Hansa Dortmund - SC Eppingen"]
[Site "?"]
[Date "2015.02.22"]
[Round "11.8"]
[White "Karger, Frank"]
[Black "Noe, Christopher"]
[Result "1/2-1/2"]
[WhiteElo "2248"]
[BlackElo "2375"]
[PlyCount "74"]
[EventDate "2015.??.??"]

1. d4 Nf6 2. c4 g6 3. f3 Bg7 4. e4 d6 5. Nc3 O-O 6. Nge2 e5 7. d5 Ne8 8. Be3
Bh6 9. Qd2 Bxe3 10. Qxe3 f5 11. exf5 gxf5 12. f4 Nd7 13. g3 Qe7 14. Bh3 Ndf6
15. O-O Ng7 16. Rae1 Bd7 17. Nd4 e4 18. Nf3 a6 19. a4 Qf7 20. Nh4 b5 21. b3
Rfb8 22. axb5 axb5 23. Ra1 Qe8 24. Qd4 Kf7 25. Ng2 Rxa1 26. Rxa1 Ra8 27. Nd1
Qb8 28. Nge3 Rxa1 29. Qxa1 Qb6 30. Kf1 h5 31. Qa8 bxc4 32. bxc4 Ng4 33. Bxg4
hxg4 34. Kg2 Ne8 35. h3 gxh3+ 36. Kxh3 Nf6 37. Qa1 Kg6 1/2-1/2

[Event "BL 1415 SV Mülheim Nord - SSC Rostock"]
[Site "?"]
[Date "2015.02.22"]
[Round "11.1"]
[White "Tomczak, Jacek"]
[Black "Landa, Konstantin"]
[Result "1/2-1/2"]
[WhiteElo "2552"]
[BlackElo "2650"]
[PlyCount "117"]
[EventDate "2015.??.??"]

1. e4 c5 2. Nf3 Nc6 3. d4 cxd4 4. Nxd4 e6 5. Nc3 Qc7 6. Be2 Nf6 7. f4 Nxd4 8.
Qxd4 Bc5 9. Qd3 d5 10. e5 Ne4 11. Be3 Bxe3 12. Nxe4 Qb6 13. Nd6+ Ke7 14. c4
Bf2+ 15. Kf1 Qe3 16. cxd5 Qxf4 17. Bf3 Bc5 18. Ne4 Qe3 19. Qc4 Bb6 20. Qb4+ Ke8
21. Rd1 a5 22. Nd6+ Kf8 23. Qe1 Qf4 24. Qc3 Bd7 25. g3 Qb4 26. Kg2 exd5 27.
Rhf1 Qxc3 28. bxc3 Ke7 29. Bxd5 Rhf8 30. Rb1 Bc7 31. Rxb7 Bxd6 32. exd6+ Kxd6
33. Rd1 Ba4 34. Bb3+ Kc6 35. Rdd7 Bxb3 36. axb3 Rab8 37. Rbc7+ Kb6 38. c4 g6
39. Rxf7 Rxf7 40. Rxf7 Kc5 41. Rf3 Kd4 42. h4 h5 43. Kf2 Rb4 44. Ke2 a4 45.
Rd3+ Ke4 46. Re3+ Kd4 47. bxa4 Rxa4 48. Re6 Rxc4 49. Kf3 Rc5 50. Rd6+ Rd5 51.
Rxg6 Rf5+ 52. Kg2 Ke4 53. Kh3 Rd5 54. Re6+ Kf5 55. Rh6 Ke4 56. Rh8 Ra5 57. Rf8
Rf5 58. Re8+ Re5 59. Rf8 1/2-1/2

[Event "BL 1415 SV Mülheim Nord - SSC Rostock"]
[Site "?"]
[Date "2015.02.22"]
[Round "11.2"]
[White "Fridman, Daniel"]
[Black "Brynell, Stellan"]
[Result "1/2-1/2"]
[WhiteElo "2648"]
[BlackElo "2452"]
[PlyCount "61"]
[EventDate "2015.??.??"]

1. d4 e6 2. Nf3 Nf6 3. c4 Bb4+ 4. Bd2 a5 5. g3 d5 6. Bg2 dxc4 7. O-O Nc6 8. Bg5
h6 9. Bxf6 Qxf6 10. a3 Bd6 11. Nc3 O-O 12. e3 e5 13. d5 Na7 14. Nd2 b5 15. a4
Bd7 16. Qc2 Rfb8 17. axb5 Nxb5 18. Na4 Bb4 19. Nxc4 Nd6 20. Na3 Rb7 21. Ra2
Rab8 22. b3 Bxa4 23. bxa4 Bxa3 24. Rxa3 Rb2 25. Qc5 Re2 26. e4 Rbb2 27. Rf3 Qd8
28. Rc3 Qf6 29. Rf3 Qd8 30. Rc3 Qf6 31. Rf3 1/2-1/2

[Event "BL 1415 SV Mülheim Nord - SSC Rostock"]
[Site "?"]
[Date "2015.02.22"]
[Round "11.3"]
[White "Szelag, Marcin"]
[Black "Berelowitsch, Alexander"]
[Result "1-0"]
[WhiteElo "2439"]
[BlackElo "2537"]
[PlyCount "47"]
[EventDate "2015.??.??"]

1. e4 e6 2. d4 d5 3. Nc3 Bb4 4. e5 c5 5. a3 Ba5 6. b4 cxd4 7. Qg4 Kf8 8. bxa5
dxc3 9. a4 Nc6 10. Ba3+ Nge7 11. Nf3 Kg8 12. h4 Ng6 13. Qg3 f6 14. exf6 Qxf6
15. h5 Nf4 16. h6 g6 17. Rh4 e5 18. O-O-O Bf5 19. Nxe5 Qxe5 20. Rxf4 Rd8 21.
Qg5 Re8 22. g4 Be4 23. Qxe5 Nxe5 24. Rxe4 1-0

[Event "BL 1415 SV Mülheim Nord - SSC Rostock"]
[Site "?"]
[Date "2015.02.22"]
[Round "11.4"]
[White "Hausrath, Daniel"]
[Black "Gruenberg, Hans-Ulrich"]
[Result "1-0"]
[WhiteElo "2512"]
[BlackElo "2375"]
[PlyCount "67"]
[EventDate "2015.??.??"]

1. Nf3 Nf6 2. g3 g6 3. Bg2 Bg7 4. O-O O-O 5. d4 d5 6. Be3 c6 7. Qc1 Nbd7 8. Bh6
Bxh6 9. Qxh6 Re8 10. c4 dxc4 11. Nbd2 Nb6 12. Ng5 e5 13. dxe5 Rxe5 14. Nde4
Nbd5 15. Rad1 Qf8 16. Rxd5 Qxh6 17. Nxf6+ Kg7 18. Rxe5 Kxf6 19. f4 Be6 20. Rd1
Ke7 21. Bh3 Qg7 22. Bxe6 fxe6 23. Rxe6+ Kf8 24. Re5 Kg8 25. Kg2 c5 26. Ne4 Rf8
27. Rd6 Kh8 28. Rxc5 Qe7 29. Re5 Qc7 30. Rde6 b6 31. Re7 Qc6 32. Rxa7 c3 33.
bxc3 Ra8 34. Rae7 1-0

[Event "BL 1415 SV Mülheim Nord - SSC Rostock"]
[Site "?"]
[Date "2015.02.22"]
[Round "11.5"]
[White "Ackermann, Hans Werner"]
[Black "Levin, Felix"]
[Result "1/2-1/2"]
[WhiteElo "2266"]
[BlackElo "2508"]
[PlyCount "40"]
[EventDate "2015.??.??"]

1. c4 e5 2. Nc3 Nc6 3. g3 Bc5 4. Bg2 d6 5. e3 a6 6. Nge2 Ba7 7. d4 exd4 8. exd4
Nge7 9. Bg5 h6 10. Bxe7 Nxe7 11. Qd2 O-O 12. O-O Rb8 13. a4 Bd7 14. b4 Be6 15.
Qd3 d5 16. c5 Bf5 17. Qd2 b6 18. c6 Nxc6 19. Nxd5 Ne7 20. Ne3 Bd7 {(=)} 1/2-1/2

[Event "BL 1415 SV Mülheim Nord - SSC Rostock"]
[Site "?"]
[Date "2015.02.22"]
[Round "11.6"]
[White "Feygin, Michael"]
[Black "Skibbe, Willi"]
[Result "1-0"]
[WhiteElo "2488"]
[BlackElo "2275"]
[PlyCount "79"]
[EventDate "2015.??.??"]

1. e4 e6 2. d3 d5 3. Nd2 Nf6 4. Ngf3 Be7 5. g3 b6 6. Bg2 Bb7 7. O-O c5 8. Re1
Nc6 9. c3 Qc7 10. Nf1 h6 11. Bf4 Qd7 12. e5 Nh5 13. Bd2 g5 14. g4 Ng7 15. Ng3
O-O-O 16. d4 Kb8 17. a3 f6 18. exf6 Bxf6 19. Ne5 Qc7 20. f4 Ka8 21. Rc1 Nxe5
22. fxe5 Be7 23. Rf1 Rdf8 24. Qc2 cxd4 25. cxd4 Qxc2 26. Rxc2 Kb8 27. Rxf8+
Rxf8 28. Bf1 a6 29. Kg2 Bc8 30. Ne2 Bd7 31. Ng1 Kb7 32. Nf3 Ne8 33. h4 Nc7 34.
hxg5 hxg5 35. Kg3 Bb5 36. Rc1 Rg8 37. Bxb5 Nxb5 38. Rh1 Kc8 39. Rh7 Kd8 40. a4
1-0

[Event "BL 1415 SV Mülheim Nord - SSC Rostock"]
[Site "?"]
[Date "2015.02.22"]
[Round "11.7"]
[White "Jaster, Robert Dr"]
[Black "Saltaev, Mihail"]
[Result "0-1"]
[WhiteElo "2302"]
[BlackElo "2490"]
[PlyCount "66"]
[EventDate "2015.??.??"]

1. c4 c6 2. g3 d5 3. Bg2 Nf6 4. Nf3 e6 5. b3 Nbd7 6. Bb2 Bd6 7. d4 Ne4 8. Nbd2
f5 9. O-O O-O 10. e3 Qf6 11. Ne1 Qh6 12. Qe2 Ndf6 13. Nxe4 dxe4 14. f3 Bd7 15.
Nc2 Be8 16. f4 Bh5 17. Qd2 Rfd8 18. Qc3 Rd7 19. a4 Be2 20. Rfc1 Bf3 21. Ne1
Bxg2 22. Kxg2 Rf8 23. Rc2 g5 24. fxg5 Qxg5 25. Kh1 Ng4 26. Bc1 Qh6 27. Kg1 Rg7
28. Raa2 Qh3 29. Rg2 Rf6 30. c5 Bc7 31. Qc4 Nxh2 32. Rxh2 Qxg3+ 33. Rhg2 Qxe1+
0-1

[Event "BL 1415 SV Mülheim Nord - SSC Rostock"]
[Site "?"]
[Date "2015.02.22"]
[Round "11.8"]
[White "Buckels, Valentin"]
[Black "Jeske, Eckhard"]
[Result "0-1"]
[WhiteElo "2235"]
[BlackElo "2158"]
[PlyCount "82"]
[EventDate "2015.??.??"]

1. d4 Nf6 2. c4 c6 3. Nf3 d5 4. e3 g6 5. Nc3 Bg7 6. Bd3 O-O 7. O-O Nbd7 8. cxd5
Nxd5 9. e4 Nxc3 10. bxc3 e5 11. Rb1 exd4 12. cxd4 Nb6 13. a4 Be6 14. Ba3 Re8
15. Bc5 Rb8 16. h3 Nc8 17. Qc1 h6 18. Qf4 Nb6 19. a5 Nc4 20. Bxa7 Ra8 21. Rxb7
Qxa5 22. Bc5 Qc3 23. Be2 Ra1 24. Rxa1 Qxa1+ 25. Kh2 Na5 26. Ra7 Qb2 27. Qe3 Nb3
28. Rb7 Qa2 29. Ra7 Qc2 30. Bd3 Qc3 31. Ra3 Qb2 32. Qe2 Qc1 33. Qc2 Qf4+ 34.
Kg1 Nxc5 35. Qxc5 Bf8 36. Qxc6 Rc8 37. Qa6 Rc1+ 38. Bf1 Bxa3 39. Qxa3 Bc4 40.
g3 Rxf1+ 41. Kg2 Qxe4 0-1

[Event "BL 1415 SG Solingen - Hamburger SK"]
[Site "?"]
[Date "2015.02.22"]
[Round "11.1"]
[White "Kempinski, Robert"]
[Black "Ragger, Markus"]
[Result "1/2-1/2"]
[WhiteElo "2625"]
[BlackElo "2652"]
[PlyCount "64"]
[EventDate "2015.??.??"]

1. d4 Nf6 2. c4 g6 3. g3 Bg7 4. Bg2 c5 5. d5 O-O 6. Nf3 e6 7. Nc3 exd5 8. cxd5
d6 9. Nd2 Nbd7 10. Nc4 Nb6 11. Ne3 Re8 12. h3 a6 13. a4 Nbd7 14. a5 b5 15. axb6
Nxb6 16. O-O Rb8 17. Qc2 Nh5 18. Ng4 Qe7 19. Nh6+ Kh8 20. Ne4 Rf8 21. g4 Nf6
22. Nxf6 Qxf6 23. g5 Qd4 24. e4 f6 25. Bf4 Nxd5 26. Bxd6 Ne3 27. Qxc5 Qxc5 28.
Bxc5 Nxf1 29. Bxf8 Bxf8 30. Bxf1 Kg7 31. Ng4 fxg5 32. Rc1 Bxg4 1/2-1/2

[Event "BL 1415 SG Solingen - Hamburger SK"]
[Site "?"]
[Date "2015.02.22"]
[Round "11.2"]
[White "L'Ami, Erwin"]
[Black "Ernst, Sipke"]
[Result "1-0"]
[WhiteElo "2606"]
[BlackElo "2538"]
[PlyCount "73"]
[EventDate "2015.??.??"]

1. d4 Nf6 2. c4 e6 3. Nc3 Bb4 4. Qc2 O-O 5. a3 Bxc3+ 6. Qxc3 d6 7. e3 b6 8. Be2
Bb7 9. f3 c5 10. dxc5 bxc5 11. b4 d5 12. Nh3 Nbd7 13. O-O cxb4 14. axb4 dxc4
15. e4 Qc7 16. Qxc4 Qxc4 17. Bxc4 Rfc8 18. Be2 Rc2 19. Re1 Ne5 20. b5 Nc4 21.
Ra4 Nb6 22. Ra5 Nfd7 23. Be3 Ne5 24. Bf1 Nec4 25. Bxb6 Nxb6 26. Rea1 Nc8 27.
Rd1 Kf8 28. Rd7 Rb8 29. Rd8+ Ke7 30. Rg8 g6 31. Rxa7 Rc1 32. Nf4 Kd6 33. Ra2 e5
34. Rd2+ Kc7 35. Nd3 Rb1 36. Nxe5 Ra8 37. Kf2 1-0

[Event "BL 1415 SG Solingen - Hamburger SK"]
[Site "?"]
[Date "2015.02.22"]
[Round "11.3"]
[White "Hansen, Sune Berg"]
[Black "Sandipan, Chanda"]
[Result "1/2-1/2"]
[WhiteElo "2571"]
[BlackElo "2574"]
[PlyCount "67"]
[EventDate "2015.??.??"]

1. d4 d5 2. c4 c6 3. Nf3 Nf6 4. e3 Bf5 5. Nc3 e6 6. Nh4 Bb4 7. f3 Bg6 8. g3 Be7
9. Nxg6 hxg6 10. Qb3 Qc7 11. Kf2 Nbd7 12. Bd2 Rd8 13. cxd5 Nxd5 14. Nxd5 exd5
15. Kg2 Nf8 16. Rc1 Ne6 17. Be2 g5 18. Qa4 Qb8 19. Ba5 Rd7 20. Rhd1 Qd6 21. Rh1
a6 22. Be1 Nc7 23. Qb3 Nb5 24. a4 Na7 25. Bf2 Nc8 26. e4 Qe6 27. Qe3 Nd6 28.
exd5 Qxe3 29. Bxe3 cxd5 30. Bd3 O-O 31. Rhe1 Bf6 32. Bf2 g6 33. b4 Rfd8 34. Re2
{(=)} 1/2-1/2

[Event "BL 1415 SG Solingen - Hamburger SK"]
[Site "?"]
[Date "2015.02.22"]
[Round "11.4"]
[White "Nikolic, Predrag"]
[Black "Ftacnik, Lubomir"]
[Result "1/2-1/2"]
[WhiteElo "2588"]
[BlackElo "2545"]
[PlyCount "96"]
[EventDate "2015.??.??"]

1. d4 Nf6 2. Nf3 g6 3. g3 d5 4. Bg2 Bg7 5. O-O O-O 6. Nbd2 Na6 7. Nb3 c6 8. Bf4
Bf5 9. Be5 Qc8 10. Rc1 Bh6 11. e3 Nd7 12. Bf4 Bxf4 13. exf4 Nb6 14. Nc5 Nxc5
15. dxc5 Nd7 16. Qd4 b6 17. cxb6 axb6 18. c4 c5 19. Qxd5 Rxa2 20. Rfe1 Nf6 21.
Qe5 Re8 22. Rcd1 Bg4 23. Rd2 Qa6 24. h3 Bd7 25. Kh2 Qc8 26. Qc3 Bc6 27. Qb3 Qa8
28. Rde2 e6 29. Qe3 Rd8 30. Bh1 Ra7 31. Qc3 Ne4 32. Qb3 Nd6 33. Qxb6 Ra6 34.
Qb3 Nf5 35. Qc3 Ra1 36. Qf6 Rdd1 37. Ng5 Nd6 38. Bxc6 Qxc6 39. Rxd1 Rxd1 40.
Qd8+ Kg7 41. Ne4 Rd4 42. Qf6+ Kg8 43. Nxd6 Qxd6 44. b3 Qc6 45. Qe5 Qb7 46. Re1
Qxb3 47. Qxc5 Qxc4 48. Qxc4 Rxc4 1/2-1/2

[Event "BL 1415 SG Solingen - Hamburger SK"]
[Site "?"]
[Date "2015.02.22"]
[Round "11.5"]
[White "Rogozenco, Dorian"]
[Black "Naumann, Alexander"]
[Result "1/2-1/2"]
[WhiteElo "2530"]
[BlackElo "2543"]
[PlyCount "102"]
[EventDate "2015.??.??"]

1. d4 Nf6 2. c4 g6 3. Nc3 d5 4. cxd5 Nxd5 5. e4 Nxc3 6. bxc3 Bg7 7. Nf3 c5 8.
Rb1 O-O 9. Be2 cxd4 10. cxd4 Qa5+ 11. Bd2 Qxa2 12. O-O Bg4 13. Bg5 h6 14. Bh4
g5 15. Bg3 Nc6 16. d5 Bxf3 17. Bxf3 Ne5 18. Rxb7 e6 19. Bxe5 Bxe5 20. Qd3 Rab8
21. Rd7 Rb3 22. Qc4 Rb2 23. Qxa2 Rxa2 24. dxe6 fxe6 25. Bg4 Rf6 26. Rc1 Ra1 27.
Rxa1 Bxa1 28. Rxa7 Bd4 29. Ra2 e5 30. g3 Rb6 31. Ra3 Rb2 32. Rf3 Kg7 33. Be6
Rb6 34. Bg4 Rf6 35. Bf5 Rb6 36. h4 gxh4 37. gxh4 Rb2 38. h5 Rb6 39. Kg2 Rc6 40.
Bd7 Rf6 41. Rg3+ Kf8 42. Bf5 Rc6 43. Bh7 Rf6 44. f3 Rb6 45. Rg8+ Kf7 46. Rd8
Be3 47. Bg6+ Kf6 48. Rf8+ Ke6 49. Re8+ Kf6 50. Rf8+ Ke6 51. Re8+ Kf6 1/2-1/2

[Event "BL 1415 SG Solingen - Hamburger SK"]
[Site "?"]
[Date "2015.02.22"]
[Round "11.7"]
[White "Heinemann, Thies"]
[Black "Wegerle, Joerg"]
[Result "1/2-1/2"]
[WhiteElo "2465"]
[BlackElo "2441"]
[PlyCount "155"]
[EventDate "2015.??.??"]

1. e4 c5 2. Nf3 Nc6 3. Bb5 Nf6 4. Bxc6 dxc6 5. Nc3 g6 6. h3 Bg7 7. d3 Nd7 8.
Be3 e5 9. Qd2 h6 10. a3 Qe7 11. O-O b6 12. Rfb1 a5 13. b3 Ba6 14. Ra2 Bb7 15.
Rba1 h5 16. b4 O-O 17. Na4 axb4 18. axb4 cxb4 19. Nxb6 Nxb6 20. Bxb6 c5 21.
Rxa8 Rxa8 22. Rxa8+ Bxa8 23. Qe3 Bf8 24. Nd2 Bc6 25. Nb3 Ba4 26. Bxc5 Qc7 27.
d4 Bxb3 28. Bxf8 Kxf8 29. Qxb3 exd4 30. Qxb4+ Kg8 31. Qxd4 Qxc2 32. Qd8+ Kg7
33. Qd4+ Kg8 34. Qe3 Qd1+ 35. Kh2 Qd6+ 36. Qg3 Qd4 37. Qf4 Kg7 38. h4 Qb2 39.
f3 Qd4 40. Kg3 Qc3 41. e5 Qe1+ 42. Kh2 Qe2 43. Qd4 Kg8 44. Qe4 Qa2 45. Kg3 Kg7
46. Qc6 Qa1 47. Qf6+ Kg8 48. Kh2 Qd4 49. Kg3 Qa1 50. Qg5 Qe1+ 51. Kh2 Qe2 52.
Qd8+ Kg7 53. Qd4 Kg8 54. Kh3 Qa6 55. Qe4 Kg7 56. Qe3 Qe6+ 57. Kg3 Qa2 58. Qc3
Kg8 59. Kh3 Qe6+ 60. g4 hxg4+ 61. fxg4 Qd5 62. Qe3 Kg7 63. Kg3 Qd1 64. Qf2 Qd3+
65. Kf4 Qd8 66. h5 f6 67. Qe3 gxh5 68. Qa7+ Kh6 69. Qe3 fxe5+ 70. Kf5+ Kh7 71.
Qa7+ Kh8 72. g5 Qf8+ 73. Kg6 Qg8+ 74. Kh6 Qf8+ 75. Kxh5 Qf3+ 76. Kg6 Qe4+ 77.
Kh6 Qh4+ 78. Kg6 1/2-1/2

[Event "BL 1415 SG Solingen - Hamburger SK"]
[Site "?"]
[Date "2015.02.22"]
[Round "11.8"]
[White "Georgiadis, Nico"]
[Black "Carlstedt, Jonathan"]
[Result "0-1"]
[WhiteElo "2488"]
[BlackElo "2444"]
[PlyCount "82"]
[EventDate "2015.??.??"]

1. e4 e5 2. Nf3 Nc6 3. Bb5 a6 4. Ba4 Nf6 5. O-O Bc5 6. c3 b5 7. Bb3 d6 8. d4
Bb6 9. a4 Bg4 10. Bg5 Rb8 11. d5 Ne7 12. h3 Bd7 13. Re1 Ng6 14. axb5 axb5 15.
Nbd2 h6 16. Be3 Bxe3 17. Rxe3 Nf4 18. Kh2 g5 19. Ng1 g4 20. g3 Nxh3 21. Nxh3
gxh3 22. f3 Rg8 23. Nf1 h5 24. Re1 h4 25. Qd2 hxg3+ 26. Nxg3 Nh5 27. Rg1 Rxg3
28. Rxg3 Nxg3 29. Qh6 Nh5 30. Qh8+ Ke7 31. Qxh5 Qh8 32. Qg5+ f6 33. Qe3 Rg8 34.
Rg1 Rxg1 35. Qxg1 Qh6 36. Qf2 Qc1 37. Qe2 Qf4+ 38. Kh1 Qg3 39. Bd1 f5 40. exf5
Bxf5 41. b4 Bd3 0-1

[Event "BL 1415 OSG Baden Baden - SV Mülheim N"]
[Site "?"]
[Date "2015.03.14"]
[Round "12.4"]
[White "Shirov, Alexei"]
[Black "Fridman, Daniel"]
[Result "1/2-1/2"]
[WhiteElo "2691"]
[BlackElo "2647"]
[PlyCount "72"]
[EventDate "2015.??.??"]

1. d4 d5 2. c4 e6 3. Nc3 Nf6 4. Nf3 Be7 5. Bf4 O-O 6. e3 Nbd7 7. c5 Nh5 8. Bd3
Nxf4 9. exf4 b6 10. b4 a5 11. a3 c6 12. O-O Qc7 13. g3 Ba6 14. Qe2 Bxd3 15.
Qxd3 Ra7 16. Kg2 Rfa8 17. Rab1 axb4 18. axb4 Ra3 19. Rfc1 g6 20. h4 bxc5 21.
bxc5 Qa7 22. h5 Rb8 23. Qd2 Bf8 24. Rxb8 Qxb8 25. Rb1 Rb3 26. Rxb3 Qxb3 27. Na2
Bg7 28. Qa5 Qb2 29. Qa8+ Nf8 30. hxg6 hxg6 31. Qa4 Qa1 32. Qxc6 Bxd4 33. Qb7
Bxc5 34. Ne5 Qxa2 35. Qxf7+ Kh8 36. Qf6+ Kg8 1/2-1/2

[Event "BL 1415 OSG Baden Baden - SV Mülheim N"]
[Site "?"]
[Date "2015.03.14"]
[Round "12.6"]
[White "Nielsen, Peter Heine"]
[Black "Hausrath, Daniel"]
[Result "1/2-1/2"]
[WhiteElo "2660"]
[BlackElo "2508"]
[PlyCount "64"]
[EventDate "2015.??.??"]

1. d4 Nf6 2. c4 g6 3. Nf3 Bg7 4. g3 O-O 5. Bg2 d6 6. O-O c6 7. Nc3 Qa5 8. e4 e5
9. h3 Nbd7 10. Re1 exd4 11. Nxd4 Re8 12. Be3 Ne5 13. Bf1 Be6 14. Nxe6 Rxe6 15.
Kg2 Rae8 16. c5 dxc5 17. f4 Rd8 18. Qc2 Ned7 19. Bc4 Ree8 20. Qb3 Rf8 21. a4
Nb6 22. e5 Nfd5 23. Bxd5 cxd5 24. Bf2 d4 25. Ne4 a6 26. Nd6 Rd7 27. Rec1 Qb4
28. Qxb4 cxb4 29. Rd1 Nc8 30. Nxc8 Rxc8 31. Rxd4 Rxd4 32. Bxd4 Rd8 1/2-1/2

[Event "BL 1415 OSG Baden Baden - SV Mülheim N"]
[Site "?"]
[Date "2015.03.14"]
[Round "12.7"]
[White "Levin, Felix"]
[Black "Meier, Georg"]
[Result "1/2-1/2"]
[WhiteElo "2508"]
[BlackElo "2652"]
[PlyCount "45"]
[EventDate "2015.??.??"]

1. d4 e6 2. c4 b6 3. e4 Bb7 4. Bd3 Nc6 5. Ne2 Nb4 6. Nbc3 Nxd3+ 7. Qxd3 d6 8.
d5 Qd7 9. O-O Be7 10. a4 Nf6 11. Nd4 O-O 12. a5 bxa5 13. Nb3 exd5 14. cxd5 a4
15. Na5 c6 16. dxc6 Bxc6 17. Nxc6 Qxc6 18. Rxa4 Rfb8 19. Rc4 Qa6 20. Rd1 Bf8
21. Qd4 Qb6 22. Qxb6 Rxb6 23. Kf1 1/2-1/2

[Event "BL 1415 OSG Baden Baden - SV Mülheim N"]
[Site "?"]
[Date "2015.03.14"]
[Round "12.8"]
[White "Schlosser, Philipp"]
[Black "Feygin, Michael"]
[Result "1/2-1/2"]
[WhiteElo "2571"]
[BlackElo "2487"]
[PlyCount "276"]
[EventDate "2015.??.??"]

1. c4 e6 2. g3 d5 3. Bg2 Nf6 4. Nf3 dxc4 5. Qa4+ Nbd7 6. Qxc4 a6 7. Qc2 c5 8.
Nc3 Rb8 9. d4 b5 10. Bf4 Rb6 11. O-O Bb7 12. Rad1 Qa8 13. Be3 Be7 14. dxc5 Bxc5
15. Bxc5 Nxc5 16. Nd5 Bxd5 17. Qxc5 Nd7 18. Qb4 a5 19. Qa3 b4 20. Qa4 Ke7 21.
e4 Bc6 22. Qc2 Rc8 23. Rfe1 h6 24. Nd4 Bb7 25. Qd2 Nc5 26. Qe3 Kf8 27. Nb3 Na4
28. Re2 Rbc6 29. Red2 Rc2 30. Rd7 Kg8 31. Nd4 R2c7 32. Nxe6 fxe6 33. Qf4 Rxd7
34. Rxd7 Kh8 35. Qf7 Rc1+ 36. Bf1 Qg8 37. Qxg8+ Kxg8 38. Rxb7 Nxb2 39. Rb5 Ra1
40. Rxa5 b3 41. Ra6 Nd3 42. axb3 Rxa6 43. Bxd3 Ra1+ 44. Kg2 e5 45. h4 Kf7 46.
Kf3 Ra2 47. Ke3 Ke7 48. Bc4 Kd6 49. Bf7 Rc2 50. Bd5 Kc5 51. Kf3 Kd4 52. b4 Rb2
53. b5 Rxb5 54. Kg4 Rb6 55. f4 Rg6+ 56. Kf3 exf4 57. Kxf4 Rf6+ 58. Kg4 Ke5 59.
Kh3 Rf3 60. Kg2 Rc3 61. Kf2 Kd4 62. Kg2 Ke3 63. e5 Rc5 64. Bb7 Rb5 65. Bc6 Rxe5
66. Bb7 Rb5 67. Bc6 Rb2+ 68. Kg1 Rc2 69. Bd5 Rc1+ 70. Kg2 Rc2+ 71. Kg1 Rc5 72.
Bb7 Rb5 73. Bc6 Rc5 74. Bb7 Rc1+ 75. Kg2 Rc2+ 76. Kg1 Kd4 77. Bf3 Rb2 78. Bc6
Ke5 79. Kf1 Kf5 80. Bd7+ Ke5 81. Bc6 Rc2 82. Bf3 Ra2 83. Kg1 Kd4 84. Bc6 Ke3
85. Bd5 Ra5 86. Bc6 g5 87. hxg5 Rc5 88. Bb7 Rxg5 89. Kg2 Rb5 90. Bc6 Rb2+ 91.
Kg1 Rd2 92. Bb7 Rd1+ 93. Kg2 Rd2+ 94. Kg1 h5 95. Bc6 Rf2 96. Bd5 Rf5 97. Bc6
Rf6 98. Be8 Kf3 99. Kh2 Kg4 100. Bd7+ Kg5 101. Kg2 Rd6 102. Bc8 Rd2+ 103. Kh3
Rd6 104. Kg2 Rc6 105. Bd7 Rc7 106. Be6 Kf6 107. Bd5 Kf5 108. Bf3 h4 109. gxh4
Kf4 110. Be2 Ke3 111. Bg4 Kf4 112. Be2 Rg7+ 113. Kf2 Rg3 114. h5 Rh3 115. Kg2
Ra3 116. Bc4 Rg3+ 117. Kf2 Rh3 118. Bf7 Rh2+ 119. Ke1 Ke3 120. Kd1 Rd2+ 121.
Kc1 Kd3 122. Bg6+ Kc3 123. Kb1 Rd1+ 124. Ka2 Rd6 125. Kb1 Ra6 126. Bf7 Rb6+
127. Ka1 Ra6+ 128. Kb1 Rb6+ 129. Ka1 Rf6 130. Ba2 Kc2 131. Bb1+ Kb3 132. Ba2+
Kc2 133. Bb1+ Kc1 134. h6 Rb6 135. Ba2 Rxh6 136. Bb1 Ra6+ 137. Ba2 Rb6 138. Bc4
Rb8 1/2-1/2

[Event "BL 1415 SC Eppingen - SG Solingen"]
[Site "?"]
[Date "2015.03.14"]
[Round "12.1"]
[White "Ragger, Markus"]
[Black "Bogner, Sebastian"]
[Result "1/2-1/2"]
[WhiteElo "2661"]
[BlackElo "2535"]
[PlyCount "47"]
[EventDate "2015.??.??"]

1. d4 Nf6 2. c4 e6 3. Nf3 b6 4. a3 Bb7 5. Nc3 d5 6. cxd5 Nxd5 7. e3 g6 8. h4
Bg7 9. h5 Nd7 10. Nxd5 exd5 11. Bd2 O-O 12. Bd3 c5 13. Bc3 Re8 14. hxg6 hxg6
15. dxc5 bxc5 16. Bxg7 Kxg7 17. Qd2 Qf6 18. Bb5 Rh8 19. O-O-O Nb6 20. Qc3 Qxc3+
21. bxc3 Rac8 22. Kd2 Kf6 23. Bd3 Bc6 24. Rxh8 1/2-1/2

[Event "BL 1415 SC Eppingen - SG Solingen"]
[Site "?"]
[Date "2015.03.14"]
[Round "12.2"]
[White "Balogh, Csaba"]
[Black "Sandipan, Chanda"]
[Result "0-1"]
[WhiteElo "2655"]
[BlackElo "2569"]
[PlyCount "90"]
[EventDate "2015.??.??"]

1. e4 e5 2. Nf3 Nc6 3. Bb5 g6 4. O-O Bg7 5. c3 a6 6. Ba4 d6 7. d4 Bd7 8. Re1
Nf6 9. d5 Ne7 10. Bxd7+ Nxd7 11. Be3 f5 12. Ng5 Nf8 13. exf5 gxf5 14. f4 Qd7
15. c4 e4 16. Nc3 Rg8 17. Rc1 h6 18. Qh5+ Neg6 19. Ne6 Bxc3 20. Nxf8 Qf7 21.
Rxc3 Rxf8 22. Qxh6 O-O-O 23. Bd4 c5 24. dxc6 bxc6 25. Rg3 Rg8 26. b3 d5 27.
cxd5 Rxd5 28. Bc3 Rd3 29. Ree3 Qa7 30. Kf1 Rxe3 31. Rxg6 Rxg6 32. Qh8+ Kb7 33.
Bd4 Qb8 34. Qxb8+ Kxb8 35. Bxe3 Kc7 36. h3 Kd6 37. Kf2 c5 38. Bd2 Kd5 39. Bc3
a5 40. h4 Rh6 41. g3 a4 42. Bg7 Rg6 43. Bf8 e3+ 44. Kf3 axb3 45. axb3 Rg8 0-1

[Event "BL 1415 SC Eppingen - SG Solingen"]
[Site "?"]
[Date "2015.03.14"]
[Round "12.3"]
[White "Nikolic, Predrag"]
[Black "Ruck, Robert"]
[Result "1-0"]
[WhiteElo "2594"]
[BlackElo "2566"]
[PlyCount "85"]
[EventDate "2015.??.??"]

1. d4 Nf6 2. Nf3 g6 3. g3 Bg7 4. Bg2 d5 5. O-O O-O 6. c4 c6 7. Na3 Bf5 8. Bf4
Be4 9. Qd2 e6 10. Rac1 Nbd7 11. Rfd1 Qe7 12. c5 Rfc8 13. Nb1 Bxf3 14. exf3 Ne8
15. Nc3 b6 16. b4 a5 17. a3 axb4 18. axb4 Nc7 19. Re1 Qd8 20. Bg5 Qf8 21. Bh3
Ra3 22. Bf4 Ra7 23. Rc2 Rca8 24. Rb1 b5 25. Ne2 Qd8 26. Kg2 Ra6 27. Bg5 Qe8 28.
Re1 Ra3 29. Nc1 R8a4 30. Bf4 Na6 31. Rb2 Qd8 32. Rb1 Bf6 33. Re2 Bg7 34. Be3 e5
35. Nd3 exd4 36. Bf4 Nc7 37. Bxd7 Qxd7 38. Bxc7 Ra2 39. Rb2 Rxb2 40. Nxb2 Ra2
41. Bd6 Rxb2 42. Qxb2 d3 43. Qa3 1-0

[Event "BL 1415 SC Eppingen - SG Solingen"]
[Site "?"]
[Date "2015.03.14"]
[Round "12.4"]
[White "Breder, Dennis"]
[Black "Naumann, Alexander"]
[Result "1/2-1/2"]
[WhiteElo "2471"]
[BlackElo "2542"]
[PlyCount "79"]
[EventDate "2015.??.??"]

1. e4 c5 2. Nf3 d6 3. Bb5+ Bd7 4. Bxd7+ Qxd7 5. c4 Nf6 6. Nc3 g6 7. d4 cxd4 8.
Nxd4 Bg7 9. f3 O-O 10. Be3 Nc6 11. O-O a6 12. Na4 Qc7 13. Nxc6 bxc6 14. Rc1 c5
15. e5 Nd7 16. exd6 exd6 17. Qd2 Rfe8 18. Bf2 Nb6 19. Qa5 Nd5 20. Qxc7 Nxc7 21.
Rfd1 Be5 22. Kf1 Ne6 23. Rc2 Rab8 24. Rcd2 f5 25. b3 Kf7 26. g3 Bd4 27. Re1 g5
28. Rde2 h5 29. Bxd4 Nxd4 30. Rxe8 Rxe8 31. Rxe8 Kxe8 32. Kf2 Kd7 33. Nb6+ Ke6
34. Nd5 a5 35. h4 gxh4 36. Nf4+ Ke5 37. Nd3+ Kf6 38. gxh4 Ne6 39. Ke3 Kg6 40.
Nf4+ 1/2-1/2

[Event "BL 1415 SC Eppingen - SG Solingen"]
[Site "?"]
[Date "2015.03.14"]
[Round "12.5"]
[White "Handke, Florian"]
[Black "Mons, Leon"]
[Result "1/2-1/2"]
[WhiteElo "2535"]
[BlackElo "2446"]
[PlyCount "92"]
[EventDate "2015.??.??"]

1. d4 d5 2. c4 e6 3. Nf3 Nf6 4. g3 Bb4+ 5. Bd2 Bd6 6. Bg2 O-O 7. O-O Nbd7 8.
Qc1 c6 9. Bf4 Bxf4 10. Qxf4 b6 11. Nbd2 Bb7 12. e4 dxe4 13. Nxe4 c5 14. Nd6 Bc6
15. d5 exd5 16. Nh4 Nh5 17. Qc1 Ne5 18. cxd5 Qxd6 19. dxc6 g6 20. Rd1 Qc7 21.
b4 Nxc6 22. b5 Ne7 23. Bxa8 Rxa8 24. Qc4 Ng7 25. Rd3 Ne6 26. Rad1 Qe5 27. Re3
Qf6 28. Rd7 Rd8 29. Rxd8+ Nxd8 30. Qa4 Ne6 31. Qxa7 g5 32. Nf3 Nf5 33. Re1 Kg7
34. Qxb6 Qc3 35. Rxe6 fxe6 36. Qc7+ Kh6 37. Kg2 Ne3+ 38. fxe3 Qc2+ 39. Kf1 Qd3+
40. Kf2 Qc2+ 41. Ke1 Qb1+ 42. Ke2 Qxb5+ 43. Kd2 Qb2+ 44. Kd3 Qb1+ 45. Ke2 Qb5+
46. Kd2 Qb2+ 1/2-1/2